LEADER 01712oas 22006133a 450 001 9910147081303321 005 20260218110044.0 035 $a(OCoLC)52537502 035 $a(CONSER) 2003213353 035 $a(CKB)1000000000033758 035 $a(DE-599)ZDB2175800-1 035 $a(DE-599)2175800-1 035 $a(EXLCZ)991000000000033758 100 $a20030702a20029999 sy a 101 0 $aeng 135 $aurcnu|||||||| 181 $ctxt$2rdacontent 182 $cc$2rdamedia 183 $acr$2rdacarrier 200 00$aAction, criticism, & theory for music education 210 $aEdwardsville $cSouthern Illinois University, Edwardsville$d[2002]- 300 $aRefereed/Peer-reviewed 300 $aTitle from title screen of html. 311 08$a1545-4517 517 3 $aAction, criticism, and theory for music education 531 0 $aAction crit. theory music educ. 606 $aMusic$xInstruction and study$vPeriodicals 606 $aMusic$xInstruction and study$2fast$3(OCoLC)fst01030347 608 $aPeriodicals.$2fast 615 0$aMusic$xInstruction and study 615 7$aMusic$xInstruction and study. 676 $a781 712 02$aSouthern Illinois University Edwardsville 801 0$bNSD 801 1$bNSD 801 2$bOCLCQ 801 2$bCUS 801 2$bOCLCQ 801 2$bOCLCF 801 2$bOCLCO 801 2$bOCLCQ 801 2$bOCLCO 801 2$bSRU 801 2$bBWN 801 2$bOCLCQ 801 2$bAUD 801 2$bDLC 801 2$bHUL 801 2$bOCLCL 801 2$bOCLCQ 906 $aJOURNAL 912 $a9910147081303321 996 $aAction, criticism, & theory for music education$91956154 997 $aUNINA